Chemistry
Guardat en:
| Autor principal: | |
|---|---|
| Altres autors: | |
| Format: | Llibre |
| Idioma: | Vietnamese English |
| Publicat: |
Belmont, CA
Brooks/Cole, Cengage Learning
2010
|
| Edició: | 8th ed. |
| Matèries: | |
| Etiquetes: |
Afegir etiqueta
Sense etiquetes, Sigues el primer a etiquetar aquest registre!
|
| Thư viện lưu trữ: | Trung tâm Học liệu Lê Vũ Hùng, Trường Đại học Đồng Tháp |
|---|
| LEADER | 00953pam a22002658a 4500 | ||
|---|---|---|---|
| 001 | 00043855 | ||
| 005 | 20190322160344.0 | ||
| 008 | 170711s2016 ||||||viesd | ||
| 020 | # | # | |a 9780547125329 |c 145000 |
| 041 | 0 | # | |a eng |
| 082 | 1 | 4 | |a 540 |b CH202 |
| 100 | 1 | # | |a Zumdahl, Steven S. |
| 245 | 0 | 0 | |a Chemistry |c Steven S. Zumdahl, Susan A. Zumdahl |
| 250 | # | # | |a 8th ed. |
| 260 | # | # | |a Belmont, CA |b Brooks/Cole, Cengage Learning |c 2010 |
| 300 | # | # | |a xxv, 1064, 94 p. |c 28 cm. |b ill |
| 500 | # | # | |a photo, chia 2 quyển |
| 653 | # | # | |a Hóa học đại cương |
| 653 | # | # | |a Hợp chất |
| 653 | # | # | |a Kiến thức |
| 653 | # | # | |a Phản ứng |
| 700 | 1 | # | |a Zumdahl, Susan A. |
| 852 | # | # | |j KD.0025183 |j KM.0028164 |j KM.0028167 |j KM.0028168 |j KM.0028171 |j KD.0025184 |j KM.0028166 |j KM.0028163 |j KM.0028169 |j KM.0028170 |j KM.0028165 |j KM.0028172 |
| 910 | # | # | |d 22/3/2019 |
| 980 | # | # | |a Trung tâm Học liệu Lê Vũ Hùng, Trường Đại học Đồng Tháp |


